Extinción de la acción penal múltiple para los delitos penales tributarios y previsionales (Registro nro. 20009)

Detalles MARC
000 -LEADER
fixed length control field 00373 a2200109 4500
001 - CONTROL NUMBER
control field ART_41649
005 - DATE AND TIME OF LATEST TRANSACTION
control field 20260410161755.0
008 - FIXED-LENGTH DATA ELEMENTS--GENERAL INFORMATION
fixed length control field 260409a
100 1# - MAIN ENTRY--PERSONAL NAME
Personal name Sequeira, Marcos A.
245 10 - TITLE STATEMENT
Title Extinción de la acción penal múltiple para los delitos penales tributarios y previsionales
773 0# - HOST ITEM ENTRY
Title Doctrina tributaria
Related parts - Nº 373 (abr. 2011)
Record control number REV4296

No hay ítems disponibles.